US States by Date of Statehood - Statistics

General Stats
  • This quiz has been taken 18 times
  • The average score is 29 of 50
Answer Stats
Date of Admission US State % Correct
December 7, 1787 Delaware
91%
March 1, 1803 Ohio
82%
December 12, 1787 Pennsylvania
82%
January 3, 1959 Alaska
73%
February 14, 1912 Arizona
73%
January 2, 1788 Georgia
73%
August 21, 1959 Hawaii
73%
June 1, 1792 Kentucky
73%
March 15, 1820 Maine
73%
April 28, 1788 Maryland
73%
February 6, 1788 Massachusetts
73%
December 18, 1787 New Jersey
73%
July 26, 1788 New York
73%
May 29, 1790 Rhode Island
73%
June 1, 1796 Tennessee
73%
March 4, 1791 Vermont
73%
June 25, 1788 Virginia
73%
January 9, 1788 Connecticut
64%
April 30, 1812 Louisiana
64%
June 21, 1788 New Hampshire
64%
November 21, 1789 North Carolina
64%
May 23, 1788 South Carolina
64%
June 20, 1863 West Virginia
64%
December 14, 1819 Alabama
55%
June 15, 1836 Arkansas
55%
March 3, 1845 Florida
55%
December 3, 1818 Illinois
55%
December 28, 1846 Iowa
55%
January 26, 1837 Michigan
55%
August 10, 1821 Missouri
55%
October 31, 1864 Nevada
55%
January 6, 1912 New Mexico
55%
May 29, 1848 Wisconsin
55%
September 9, 1850 California
45%
August 1, 1876 Colorado
45%
July 3, 1890 Idaho
45%
December 11, 1816 Indiana
45%
January 29, 1861 Kansas
45%
May 11, 1858 Minnesota
45%
December 10, 1817 Mississippi
45%
November 8, 1889 Montana
45%
November 2, 1889 North Dakota
45%
February 14, 1859 Oregon
45%
November 2, 1889 South Dakota
45%
December 29, 1845 Texas
45%
November 11, 1889 Washington
45%
July 10, 1890 Wyoming
45%
March 1, 1867 Nebraska
36%
November 16, 1907 Oklahoma
36%
January 4, 1896 Utah
36%
No matching quizzes found
Score Distribution
Percent of People with Each Score
Percentile by Number Answered
Your Score History
You have not taken this quiz